1941 1681 1701 1260 1021 1094 1490 1550 1048 1092 1551 1300 1833 1484 1447 1176 1566 1849 1313 1959 1664 1278 1169 1268 1746 1938 1216 1509 1982 1255 1999 1817 1288 1832 1774 1936 1844 1593 1041 1231 1221 1084 1407 1487 1586 1818 1172 1149 1298 1061 1772 1510 1210 1628 1964 1040 1027 1623 1719 1823 1851 1890 1274 1484 1020 1645 1543 1407 1258 1005 1894 1407 1171 1355 1139 1194 1818 1013 1123 1665 1043 1936 1466 1339 1376 1947 1391 1190 1384 1451 1723 1513 1730 1632 1024 1997 1607 1654 1273 BCNSPRNW ULIB Ver.6.0+V

เปลี่ยนเป็นภาษาไทย

Change to English
 แสดงรายละเอียดบรรณานุกรม
  กลับหน้าหลัก

Brief Record : Get Marc (ISO 2709) : E-mail record : QR code < ปิดหน้าต่าง
LEADER : 00000nam 2200000uu 4500
001    13399129188
003     ULIB
008    020711s2564 th a 000 0 tha d
020    9786160451814
060    QS4 ป553ก
110    ปาร์รามอง
245    กายวิภาคศาสตร์และสรีรวิทยา ฉบับปรับปรุง = Anatomy physiology
250    พิมพ์ครั้งที่ 7
260    กรุงเทพฯ :^bนานมีบุ๊คส์,^c2568
300    196 หน้า;^b30 ซม. ซม.
650    Anatomy physiology^xส่วนประกอบของร่างกายมนุษย์^yระบบกระดูกเเละกล้ามเนื้อ^zชีวิต
710    Parramon.
710    ภุชงค์ เดชอาคม, ผู้แปล
999    ^aกัณชพร
รายการนี้ยังไม่มีแท็ก
คุณยังไม่ได้ล็อกอิน คุณสามารถมีกิจกรรมร่วมกับเว็บไซต์ได้ แต่ต้องล็อกอินก่อน ::
  ล็อกอิน

รายการสื่อสารสนเทศ

ลำดับที่ ประเภท เลขเรียก/บาร์โค้ด สถานที่ สถานะ
1. วิทยาศาสตร์การแพทย์ และสุขภาพ
วิทยาศาสตร์การแพทย์ และสุขภาพ
QS4 ป553ก ฉ.1 
  Barcode: 30591
ห้องสมุดวิทยาเขตนครสวรรค์
►หนังสือทั่วไป:l:General Books
บนชั้น
2. วิทยาศาสตร์การแพทย์ และสุขภาพ
วิทยาศาสตร์การแพทย์ และสุขภาพ
QS4 ป553ก ฉ.2 
  Barcode: 30592
ห้องสมุดวิทยาเขตนครสวรรค์
►หนังสือทั่วไป:l:General Books
บนชั้น
3. วิทยาศาสตร์การแพทย์ และสุขภาพ
วิทยาศาสตร์การแพทย์ และสุขภาพ
QS4 ป553ก ฉ.3 
  Barcode: 30593
ห้องสมุดวิทยาเขตนครสวรรค์
►หนังสือทั่วไป:l:General Books
บนชั้น
4. วิทยาศาสตร์การแพทย์ และสุขภาพ
วิทยาศาสตร์การแพทย์ และสุขภาพ
QS4 ป553ก ฉ.4 
  Barcode: 30594
ห้องสมุดวิทยาเขตนครสวรรค์
►หนังสือทั่วไป:l:General Books
บนชั้น
5. วิทยาศาสตร์การแพทย์ และสุขภาพ
วิทยาศาสตร์การแพทย์ และสุขภาพ
QS4 ป553ก ฉ.5 
  Barcode: 30595
ห้องสมุดวิทยาเขตนครสวรรค์
►หนังสือทั่วไป:l:General Books
บนชั้น

BibComment


ยังไม่เคยถูกคอมเมนท์

คอมเมนท์ทรัพยากรรายการนี้
  คอมเมนท์: กายวิภาคศาสตร์และ..


 Copyright 2026. Bcnsprnw @Library